<?xml version="1.0" encoding="UTF-8"?>
<collection xmlns="http://www.loc.gov/MARC21/slim">
 <record>
  <leader>03908nam a2200397 a 4500</leader>
  <controlfield tag="001">1/44625</controlfield>
  <controlfield tag="008">140623s2003    ne            001 0 eng  </controlfield>
  <datafield tag="020" ind1=" " ind2=" ">
   <subfield code="a">9780080441290</subfield>
  </datafield>
  <datafield tag="020" ind1=" " ind2=" ">
   <subfield code="a">0080441297</subfield>
  </datafield>
  <datafield tag="020" ind1=" " ind2=" ">
   <subfield code="a">9780080527819 (electronic bk.)</subfield>
  </datafield>
  <datafield tag="020" ind1=" " ind2=" ">
   <subfield code="a">0080527817 (electronic bk.)</subfield>
  </datafield>
  <datafield tag="035" ind1=" " ind2=" ">
   <subfield code="l">47579</subfield>
  </datafield>
  <datafield tag="040" ind1=" " ind2=" ">
   <subfield code="a">OPELS</subfield>
   <subfield code="b">eng</subfield>
   <subfield code="c">OPELS</subfield>
   <subfield code="d">TEF</subfield>
   <subfield code="d">OPELS</subfield>
   <subfield code="d">OCLCQ</subfield>
   <subfield code="d">EEICP</subfield>
   <subfield code="d">N$T</subfield>
   <subfield code="d">YDXCP</subfield>
   <subfield code="d">MERUC</subfield>
   <subfield code="d">IDEBK</subfield>
   <subfield code="d">ZCU</subfield>
   <subfield code="d">OCLCE</subfield>
   <subfield code="d">OCLCQ</subfield>
   <subfield code="d">OCLCO</subfield>
   <subfield code="d">OCLCF</subfield>
   <subfield code="d">GR-PeUP</subfield>
  </datafield>
  <datafield tag="111" ind1="2" ind2=" ">
   <subfield code="a">International Conference on Biaxial/Multiaxial Fatigue and Fracture</subfield>
   <subfield code="n">(6th :</subfield>
   <subfield code="d">2001 :</subfield>
   <subfield code="c">Lisbon, Portugal)</subfield>
  </datafield>
  <datafield tag="245" ind1="1" ind2="0">
   <subfield code="a">Biaxial/Multiaxial fatigue and fracture</subfield>
   <subfield code="h">[electronic resource] /</subfield>
   <subfield code="c">editors, Andrea Carpinteri, Manuel de Frietas, Andrea Spagnoli.</subfield>
  </datafield>
  <datafield tag="260" ind1=" " ind2=" ">
   <subfield code="a">Amsterdam ;</subfield>
   <subfield code="a">Oxford :</subfield>
   <subfield code="b">Elsevier,</subfield>
   <subfield code="c">2003.</subfield>
  </datafield>
  <datafield tag="300" ind1=" " ind2=" ">
   <subfield code="a">1 online resource (xii, 504 p.) :</subfield>
   <subfield code="b">ill.</subfield>
  </datafield>
  <datafield tag="490" ind1="1" ind2=" ">
   <subfield code="a">ESIS publication,</subfield>
   <subfield code="x">1566-1369 ;</subfield>
   <subfield code="v">31</subfield>
  </datafield>
  <datafield tag="520" ind1=" " ind2=" ">
   <subfield code="a">The European Structural Integrity Society (ESIS) Technical committee on Fatigue of Engineering Materials and Structures (TC3) decided to compile a Special Technical Publication (ESIS STP) based on the 115 papers presented at the 6th International Conference on Biaxial/Multiaxial Fatigue and Fracture. The 25 papers included in the STP have been extended and revised by the authors. The conference was held in Lisbon, Portugal, on 25-28 June 2001, and was chaired by Manual De Freitas, Instituto Superior Tecnico, Lisbon. The meeting, organised by the Instituto Superior Tecnico and sponsored by the Portuguese Minesterio da Cienca e da Tecnologia and by the European Structural Integrity Society, was attended by 151 delegates from 20 countries. The papers in the present book deal with the theoretical, numerical and experimental aspects of the Multiaxial fatigue and fracture of engineering materials and structures. They are divided in to the following six sections; Multiaxial Fatigue of Welded Structures; High cycle Multiaxial fatigue; Non proportional and Variable-Amplitude loading; Defects, Notches, Crack Growth; Low Cycle Multiaxial Fatigue; Applications and Testing Methods. As is well-known, most engineering components and structures in the mechanical, aerospace, power generation, and other industries are subjected to multiaxial loading during their service life. One of the most difficult tasks in design against fatigue and fracture is to translate the information gathered from uniaxial fatigue and fracture tests on engineering materials into applications involving complex states of cyclic stress-strain conditions. This book is the result of co-operation between many researchers from different laboratories, universities and industries in a number of countries.</subfield>
  </datafield>
  <datafield tag="505" ind1="0" ind2=" ">
   <subfield code="a">Multiaxial fatigue of welded structures, High cycle multiaxial fatigue, Non-proportional and variable-amplitude loading, Defects, notches, crack growth, Low cycle multiaxial fatigue, Applications and testing methods.</subfield>
  </datafield>
  <datafield tag="500" ind1=" " ind2=" ">
   <subfield code="a">&quot;This volume contains 25 peer-reviewed papers selected from those presented at the 6th International Conference on Biaxial/Multiaxial Fatigue and Fracture held in Lisbon, Portugal, 25-28 June 2001.&quot;</subfield>
  </datafield>
  <datafield tag="504" ind1=" " ind2=" ">
   <subfield code="a">Includes bibliographical references and index.</subfield>
  </datafield>
  <datafield tag="506" ind1=" " ind2=" ">
   <subfield code="a">License restrictions may limit access.</subfield>
  </datafield>
  <datafield tag="650" ind1=" " ind2="4">
   <subfield code="a">Materials</subfield>
   <subfield code="x">Fatigue</subfield>
   <subfield code="x">Congresses.</subfield>
  </datafield>
  <datafield tag="655" ind1=" " ind2="4">
   <subfield code="a">Electronic books.</subfield>
  </datafield>
  <datafield tag="655" ind1=" " ind2="4">
   <subfield code="a">Conference proceedings.</subfield>
  </datafield>
  <datafield tag="700" ind1="1" ind2=" ">
   <subfield code="a">Carpinteri, Andrea.</subfield>
  </datafield>
  <datafield tag="700" ind1="1" ind2=" ">
   <subfield code="a">Freitas, Manuel de.</subfield>
  </datafield>
  <datafield tag="700" ind1="1" ind2=" ">
   <subfield code="a">Spagnoli, Andrea.</subfield>
  </datafield>
  <datafield tag="710" ind1="2" ind2=" ">
   <subfield code="a">European Structural Integrity Society.</subfield>
  </datafield>
  <datafield tag="852" ind1=" " ind2=" ">
   <subfield code="a">INST</subfield>
   <subfield code="b">UNIPILB</subfield>
   <subfield code="c">EBOOKS</subfield>
   <subfield code="e">20140623</subfield>
   <subfield code="p">00b47579</subfield>
   <subfield code="q">00b47579</subfield>
   <subfield code="t">ONLINE</subfield>
   <subfield code="y">0</subfield>
  </datafield>
  <datafield tag="856" ind1="4" ind2="0">
   <subfield code="3">ScienceDirect</subfield>
   <subfield code="u">http://www.sciencedirect.com/science/book/9780080441290</subfield>
  </datafield>
  <datafield tag="856" ind1="4" ind2=" ">
   <subfield code="d">/webopac/covers/03/47579_9780080441290.jpg</subfield>
  </datafield>
  <datafield tag="856" ind1="4" ind2=" ">
   <subfield code="d">/webopac/covers/03/47579_0080441297.jpg</subfield>
  </datafield>
  <datafield tag="856" ind1="4" ind2=" ">
   <subfield code="d">/webopac/covers/03/47579_9780080527819.jpg</subfield>
   <subfield code="z">(electronic bk.)</subfield>
  </datafield>
  <datafield tag="856" ind1="4" ind2=" ">
   <subfield code="d">/webopac/covers/03/47579_0080527817.jpg</subfield>
   <subfield code="z">(electronic bk.)</subfield>
  </datafield>
 </record>
</collection>
